| Tag |
First Indicator |
Second Indicator |
Subfields |
| LEADER |
00000cam a2200000 a 4500 |
| 001 |
in00000601913 |
| 005 |
20151014095744.0 |
| 008 |
870618s1987 wlkab b 01100 eng |
| 010 |
|
|
|a 87149610
|
| 020 |
|
|
|a 0708309488
|
| 035 |
|
|
|a (OCoLC)16803338
|
| 035 |
|
|
|9 ACR3149AM
|
| 040 |
|
|
|a DLC
|c DLC
|d TXA
|d UtOrBLW
|
| 043 |
|
|
|a e-uk-wl
|
| 049 |
|
|
|a TXAM
|c [A12559915]
|
| 050 |
0 |
0 |
|a DA737
|b .C37 1987
|
| 082 |
0 |
|
|a 942.9
|2 19
|
| 245 |
0 |
0 |
|a Castles in Wales and the Marches :
|b essays in honour of D.J. Cathcart King /
|c edited by John R. Kenyon and Richard Avent.
|
| 264 |
|
1 |
|a Cardiff :
|b University of Wales Press,
|c 1987.
|
| 300 |
|
|
|a x, 248 pages :
|b illustrations, maps ;
|c 26 cm.
|
| 336 |
|
|
|a text
|b txt
|2 rdacontent
|
| 337 |
|
|
|a unmediated
|b n
|2 rdamedia
|
| 338 |
|
|
|a volume
|b nc
|2 rdacarrier
|
| 500 |
|
|
|a Includes index.
|
| 504 |
|
|
|a Bibliography: pages [223]-239.
|
| 600 |
1 |
0 |
|a King, David James Cathcart.
|
| 650 |
|
0 |
|a Castles
|z Wales
|x History.
|
| 650 |
|
0 |
|a Fortification
|z Wales
|x History.
|
| 650 |
|
0 |
|a Castles
|z Wales
|z Borders of Wales
|x History.
|
| 650 |
|
0 |
|a Fortification
|z Wales
|z Borders of Wales
|x History.
|
| 700 |
1 |
|
|a King, David James Cathcart.
|
| 700 |
1 |
|
|a Kenyon, John R.
|
| 700 |
1 |
|
|a Avent, Richard.
|
| 999 |
|
|
|a MARS
|
| 999 |
f |
f |
|s e3359260-01ce-3f86-bfbb-63a0dd0e1275
|i ecd986b7-1535-30e0-b2c1-7d8bb6456267
|t 0
|
| 952 |
f |
f |
|p ric
|a Texas A&M University
|b Rellis Campus
|c Joint Library Facility
|d Remote Storage
|t 0
|e DA737 .C37 1987
|h Library of Congress classification
|i unmediated -- volume
|m A14812559915
|
| 998 |
f |
f |
|a DA737 .C37 1987
|t 0
|l Remote Storage
|